Тезисы и проекты постановлений VI-го Съезда Советов СССР

Доступно только в Электронных читальных залах Найти на картеНа карте
RUSMARC
00004211nac2a22002893x 450
0010d4d0b44-331f-431e-b90a-7321bdcc3cdd
00520210714133643.0
100##$a20210610l1931 k y0rusy50 ca
1010#$arus
102##$aRU
105##$ay z |||||
1220#$ad19310331
1220#$ad193103
2001#$aТезисы и проекты постановлений VI-го Съезда Советов СССР
$jМарт 1931
215##$a122 листа
251##$cДело
300##$aЗаголовок дела на папке: Тезисы и проекты постановлений VI-го Съезда Советов СССР. Март 1931 г.
300##$aЧасть текста машинописная и рукописная, часть - напечатана типографским способом
330##$aВходит в раздел описи: VI-й Съезд Советов
461#0$1001796d4672-8a00-4986-b488-6e42273792cc
$12001
$aЦЕНТРАЛЬНЫЙ ИСПОЛНИТЕЛЬНЫЙ КОМИТЕТ СССР (ЦИК СССР)
$1251
$cФонд
$1852
$j3316
$gР
462#0$1001ffc5d47f-75c7-4b00-a108-34d4b382154c
$12001
$aДела VI-го Съезда Советов и 1-й, 2-й, 3-й, 4-й Сессий ЦИК СССР 6-го созыва. 1931-1934 гг.
$vД. 8
$1251
$cОпись
$1852
$j6
5171#$aТезисы и проекты постановлений VI-го Съезда Советов СССР. Март 1931 г.
60101$3RU\NLR\AUTH\880357276
$aСССР
$bЦИК
60101$3RU\NLR\AUTH\8810218417
$aСССР
$bСъезд Советов
$d6
801#0$aRU
$bGA_RF
801#1$aRU
$bГлавНИВЦ
$c20210610
$2rusmarc
801#2$aRU
$bПБ им. Б.Н. Ельцина
$c20210714
$gRCR
$2rusmarc
852##$aГА РФ
$j8
937##$d166104712
$hГАРФ
035##$aRuPRLIB51060191
856##$uhttp://readingroom.main.prlib.ru/item.aspx?id_node=n166104712&mode=full
Формат отображения